<?xml version="1.0" encoding="UTF-8"?>
<record
    xmlns:xsi="http://www.w3.org/2001/XMLSchema-instance"
    xsi:schemaLocation="http://www.loc.gov/MARC21/slim http://www.loc.gov/standards/marcxml/schema/MARC21slim.xsd"
    xmlns="http://www.loc.gov/MARC21/slim">

  <leader>00198nam a2200085   4500</leader>
  <controlfield tag="001">1254520</controlfield>
  <controlfield tag="005">20251117134820.0</controlfield>
  <datafield tag="245" ind1=" " ind2=" ">
    <subfield code="a">G&#xD6;KDELENE G&#x130;REN BULUT</subfield>
    <subfield code="c">BEH&#x130;&#xC7; AK</subfield>
  </datafield>
  <datafield tag="260" ind1="G" ind2=" ">
    <subfield code="b">G&#xDC;NI&#x15E;I&#x11E;I YAYINLARI</subfield>
  </datafield>
  <datafield tag="999" ind1=" " ind2=" ">
    <subfield code="c">1254520</subfield>
    <subfield code="d">1254520</subfield>
  </datafield>
  <datafield tag="952" ind1=" " ind2=" ">
    <subfield code="0">0</subfield>
    <subfield code="1">0</subfield>
    <subfield code="2">ddc</subfield>
    <subfield code="4">0</subfield>
    <subfield code="7">0</subfield>
    <subfield code="a">1057</subfield>
    <subfield code="b">1057</subfield>
    <subfield code="d">2025-11-17</subfield>
    <subfield code="l">0</subfield>
    <subfield code="o">U3</subfield>
    <subfield code="p">10575305</subfield>
    <subfield code="r">2025-11-17 13:48:35</subfield>
    <subfield code="w">2025-11-17</subfield>
    <subfield code="y">BK</subfield>
  </datafield>
</record>
